000 00525nam a2200193Ia 4500
005 20250326140548.0
008 250326s9999 xx 000 0 und d
020 _a0 273 62636 1
037 _aTextbook
040 _aFMSL
_beng
_cFMSL
041 _aeng
_2eng
084 _aX:9 N9
_qFMSL
100 _aWalton J
_9742575
245 0 _aStrategic human resource development
_cWalton J
260 _aNew York
_bNew York, Prentice Hall
_c1999
300 _a624p
942 _cTB
_hX:9 N9
999 _c1286318
_d1286318